Представление документа в формате MARC21

ПолеНазваниеЗначение
  Тип записи a
  Библиографический уровень m
001 Контрольный номер RU\infra-m\znanium\bibl\2235389
005 Дата корректировки 20260429142155.4
008 Кодируемые данные 260120s2025 RU g rus u
020 Индекс ISBN __
a ISBN 978-5-9614-3845-1
040 Источник каталогиз. __
a Служба первич. каталог. Общество с ограниченной ответственностью «ЗНАНИУМ»
041 Код языка издания __
a Код языка текста rus
044 Код страны публикации __
a Код страны публикации RU
080 Индекс УДК __
a Индекс УДК 346
080 Индекс УДК __
a Индекс УДК 658
084 Индекс другой классификации/Индекс ББК __
2 Источник индекса rubbk
a Индекс другой классификации/Индекс ББК 6526
084 Индекс другой классификации/Индекс ББК __
2 Источник индекса rubbk
a Индекс другой классификации/Индекс ББК 67404
084 Индекс другой классификации/Индекс ББК __
2 Источник индекса okso
a Индекс другой классификации/Индекс ББК 38.03.01
084 Индекс другой классификации/Индекс ББК __
2 Источник индекса okso
a Индекс другой классификации/Индекс ББК 38.03.02
084 Индекс другой классификации/Индекс ББК __
2 Источник индекса okso
a Индекс другой классификации/Индекс ББК 38.03.06
100 Автор __
a Автор Ткаченко Д.
q Полное имя Ткаченко Дмитрий
245 Заглавие __
a Заглавие Сбор долгов без судов: Работа с дебиторской задолженностью
b Продолж. заглавия Практическое пособие
250 Сведения об издании __
a Основные сведения об издании 1
260 Выходные данные __
a Место издания Москва
b Издательство ООО "Альпина Паблишер"
c Дата издания 2026
300 Физическое описание __
a Объем 304 с.
520 Аннотация __
a Аннотация Должники есть у многих компаний и казалось бы просроченная дебиторская задолженность — неизбежная ситуация. После прочтения книги Дмитрия Ткаченко вернуть долг в короткий срок и в принципе не допустить его возникновения будет намного легче. Вы вооружитесь знаниями о том как оценить уровень противо-долговой обороны компании; скорректировать бизнес-процессы и внедрить новые методы работы с потенциальными и реальными должниками; усовершенствовать личные навыки ведения переговоров с неплательщиками используя готовые скрипты. Опираясь на собственный богатый опыт работы а также истории своих коллег и слушателей семинаров автор делится новыми и нестандартными способами стимулирования должников к погашению задолженности рассказывает о методах PR-воздействия при сборе «безнадежных» долгов. В книге вы не найдете сложных бухгалтерских формул и финансовых выкладок — она написана для «продавцов» и «коммерсантов» наполнена идеями по сбору долгов примерами из практики готовыми шаблонами документов скриптами для переговоров.
521 Примеч. о цел. назн. __
a Примеч. о целев. назн. Дополнительное профессиональное образование
650 Тематические рубрики __
a Основная рубрика Экономика. Бухгалтерский учет. Финансы
x Основная подрубрика Финансы
655 Указ. предметных рубрик (устаревшее) __
a Жанр/ форма (устаревшее) Практическое пособие
856 Электронный адрес документа 4_
a Имя сервера/домена znanium.ru
m Помощь ebs_support@infra-m.ru
n Местонахождение сервера НИЦ ИНФРА-М
u URL https://znanium.ru/catalog/document?id=473658
856 Электронный адрес документа 48
a Имя сервера/домена znanium.ru
d Путь /cover/2235
f Электронное имя 2235389.jpg
q Тип электронного формата image/jpeg
u URL https://znanium.ru/cover/2235/2235389.jpg
911 __
u 0030=https://znanium.ru/catalog/document?id=473658